| 000 | 01642cam a22003494a 4500 | ||
|---|---|---|---|
| 001 | 13352551 | ||
| 005 | 20060722150716.0 | ||
| 008 | 030925s2003 enk | b 101 0 eng d | ||
| 010 | _a 2003066203 | ||
| 020 | _a9780199291649 | ||
| 040 |
_aDLC _cDLC _dDLC |
||
| 042 | _apcc | ||
| 050 | 0 | 0 |
_aJC421 _b.D46373 2003 |
| 082 | 0 | 0 |
_a321.8 _222 _bDEM |
| 245 | 0 | 0 |
_aDemocracy Transformed? : _bExpanding Political Opportunities in Advanced Industrial Democracies / _cEdited by Bruce Cain, Russell J. Dalton, and Susan Scarrow. |
| 260 |
_aOxford : _bOxford University Press, _cc2003. |
||
| 300 |
_axviii, 309 p. ; _c24 cm. |
||
| 490 | 1 |
_aComparative politics ; _915703 |
|
| 504 | _aIncludes bibliographical references and index. | ||
| 541 | _aBacca ; | ||
| 650 | 0 |
_aDemocracy _xHistory _y20th century _vCongresses. _915704 |
|
| 650 | 0 |
_aElections _xHistory _y20th century _vCongresses. _915705 |
|
| 700 | 1 |
_aCain, Bruce E. _eEditor _915706 |
|
| 700 | 1 |
_aDalton, Russell J. _eEditor _915707 |
|
| 700 | 1 |
_aScarrow, Susan E. _eEditor _915708 |
|
| 830 | 0 |
_aComparative politics (Oxford University Press) _915709 |
|
| 856 | 4 | 2 |
_3Publisher description _uhttp://www.loc.gov/catdir/enhancements/fy0615/2003066203-d.html |
| 856 | 4 | 1 |
_3Table of contents only _uhttp://www.loc.gov/catdir/enhancements/fy0615/2003066203-t.html |
| 942 |
_2ddc _cBB |
||
| 999 |
_c14338 _d14338 |
||